000 00573nam a2200193Ia 4500
005 20250326145211.0
008 250326s9999 xx 000 0 und d
037 _aTextbook
040 _aFMSL
_beng
_cFMSL
041 _aeng
_2eng
084 _aX:8 Q1
_qFMSL
100 _aSpira J B
_9750825
245 0 _aOverload! : how too much information is hazardous to your organization
_cSpira J B
260 _aNew Jersey
_bNew Jersey, John Wiley
_c2011
365 _b2232.6664999999998
650 _aManagement
942 _cTB
_hX:8 Q1
999 _c1306724
_d1306724